000 00662nam a2200241 i 4500
001 C2-0118321
003 PPAK
005 20180727111147.0
008 970802s1984 nyu |||| ||||| | eng d
020 _a0442229682
040 _aPPAK
_beng
_cPPAK
_erda
082 0 4 _a658.314
_223
090 0 0 _a658.314
_bGRE
_dG
100 1 _aGregerman, Ira B.,
_d1937 -
_eauthor
245 1 0 _aProductivity improvement
264 1 _aNew York :
_bVan Nostrand Reinhold Company ,
_c1984
300 _a239 pages ;
_c24 cm
336 _2rdacontent
_atext
337 _2rdamedia
_aunmediated
338 _2rdacarrier
_avolume
650 1 0 _aLabor, Productivity
942 _ddc
_cB
999 _c32169
_d32169